000
00326nam a2200133Ia 4500
005
20251222155153.0
008
251222s9999||||xx |||||||||||||| ||spa||
082
_a
EPI. 12
100
_a
GALLOSO, Carlos.
245
0
_a
Princios, MĂ©todo y usos de la EpidemiologĂa
250
_a
1ra. ed.
264
_b
Tiridica
942
_c
LIB
999
_c
39642
_d
39642